Music Quiz

Random Music or Song Quiz

Movie Songs by Sheet Music Quiz Stats

 Plays Quiz Updated Jun 20, 2018

Challenge
Share
Tweet
Score 0/20 Timer 07:00
0 Plays Today
% Correct
Over the Rainbow
95.2%
Hakuna Matata
66.3%
Goldfinger
38.3%
Jailhouse Rock
38%
Born to Be Wild
36.4%
Nobody Does It Better
36.1%
Theme from New York, New York
35.8%
9 to 5
34.5%
As Time Goes By
34%
Wind Beneath My Wings
33.4%
% Correct
Rainbow Connection
27.5%
Mrs. Robinson
22.7%
Gonna Fly Now
22.6%
Swinging on a Star
22.3%
It Had to Be You
19.9%
Fame
19.4%
Puttin' on the Ritz
14.8%
White Christmas
12.4%
Up Where We Belong
8.4%
Thanks for the Memory
4.8%

You're not logged in!

Compare scores with friends on all Sporcle quizzes.
Join for Free
OR
Log In

You Might Also Like...

Show Comments

Extras

Top Quizzes Today


Score Distribution

Your Account Isn't Verified!

In order to create a playlist on Sporcle, you need to verify the email address you used during registration. Go to your Sporcle Settings to finish the process.

Report this User

Report this user for behavior that violates our Community Guidelines.

Details: